| 000 -LEADER |
| fixed length control field |
00463nam a2200145Ia 4500 |
| 003 - CONTROL NUMBER IDENTIFIER |
| control field |
OSt |
| 005 - DATE AND TIME OF LATEST TRANSACTION |
| control field |
20220407125013.0 |
| 008 - FIXED-LENGTH DATA ELEMENTS--GENERAL INFORMATION |
| fixed length control field |
220318s9999 xx 000 0 und d |
| 020 ## - INTERNATIONAL STANDARD BOOK NUMBER |
| International Standard Book Number |
9780367451233 |
| 082 ## - DEWEY DECIMAL CLASSIFICATION NUMBER |
| Classification number |
648.5 |
| 100 ## - MAIN ENTRY--PERSONAL NAME |
| Personal name |
Verhoef, L. G. W. |
| 245 #4 - TITLE STATEMENT |
| Title |
Soiling and cleaning of building facades : report of Technical Committee 62 SCF, RILEM (the International Union of Testing and Research Laboratories for Materials and |
| 260 ## - PUBLICATION, DISTRIBUTION, ETC. (IMPRINT) |
| Place of publication, distribution, etc |
CRC |
| 942 ## - ADDED ENTRY ELEMENTS (KOHA) |
| Source of classification or shelving scheme |
|